000 00498nam a2200181Ia 4500
001 13279
005 20260306163042.0
008 260306t2016||||xx |||||||||||||| ||spa||
041 _aESP
082 _a001.42
_bI35
100 _aIglesias, María Emilia
_eAUT
245 0 _aMetodología de la investigación científica:
_bdiseño y elaboración de protocolos y proyectos
260 _c2016
300 _a172 páginas :
_c28 cm.
650 _aGEN
654 _aCHU
942 _cLIB
_dJUS
_fJUS
_2ddc
_n
999 _c13279
_d13279